Movies Quiz

Random Movies or Clickable Quiz
Score 0/19 Timer 03:00
14 Plays Today
% Correct
Raiders of the Lost Ark
97%
Rocky
96.6%
Rain Man
92.7%
Rush Hour
90.8%
Ray
89.8%
Raging Bull
86.3%
Remember the Titans
82.4%
Road to Perdition
79.2%
Reservoir Dogs
76.9%
Robin Hood (2010)
75.6%
% Correct
Red
73.3%
Role Models
64.9%
Rounders
56.7%
R.I.P.D.
52.6%
Road Trip
51%
Rules of Engagement
43.8%
Real Genius
37.8%
Riding in Cars with Boys
37.8%
Roadside Prophets
24.4%
Remove Ads.
Support Sporcle.
Get the best of Sporcle when you Go Orange. This ad-free experience offers more features, more stats, and more fun while also helping to support Sporcle. Thank you for becoming a member.

You're not logged in!

Compare scores with friends on all Sporcle quizzes.
OR
Log In

Show Comments

Extras

Top Quizzes Today


Score Distribution

Your Account Isn't Verified!

In order to create a playlist on Sporcle, you need to verify the email address you used during registration. Go to your Sporcle Settings to finish the process.

Report this User

Report this user for behavior that violates our Community Guidelines.

Details: